000 00387nam a2200145Ia 4500
008 230917s9999||||xx |||||||||||||| ||und||
040 _e167216
_aMAIN
041 _aEnglish
082 _a338.4791 S23T
100 _aSharma, Lalita
245 0 _aTravel agency and tour operation: Concepts and principles
260 _aNew Delhi
_bCentrum Press
_c2010
300 _a308 p.
942 _cBK
999 _c153428
_d153428